| Поле | Инд. | ПП | Название | Значение |
|---|---|---|---|---|
| Тип записи | a | |||
| Библиографический уровень | m | |||
| 001 | Контрольный номер | 16d9ad6abe3d44398c882ade51397d0d | ||
| 005 | Дата корректировки | 20241129114331.3 | ||
| 008 | Кодируемые данные | 241126|||||||||ru |||||||||||||||||rus|| | ||
| 020 | a | ISBN | 978-5-7809-0178-5 | |
| 041 | 0_ | a | Код языка текста | rus |
| 084 | a | Индекс другой классификации/Индекс ББК | 63.1я2+63.5 | |
| 090 | a | Полочн. индекс | 63я2 | |
| x | Авторский знак | О-39 | ||
| 100 | 1_ | a | Автор | Огрызко В. В. |
| 203 | a | Вид содержания | Текст | |
| c | Тип средства | непосредственное | ||
| 245 | 10 | a | Заглавие | Отечественные исследователи коренных малочисленных народов Севера и Дальнего Востока |
| b | Продолж. заглавия | биобиблиографический словарь | ||
| c | Ответственность | предисловие С. Небольсина | ||
| 260 | a | Место издания | Москва | |
| b | Издательство | Литературная Россия | ||
| c | Дата издания | 2013 | ||
| 300 | a | Объем | 662, [1] с. | |
| 520 | 0_ | a | Аннотация | Вячеслав Огрызко вырос в Магадане. Может, поэтому его до сих пор так неудержимо тянет на Север. Он много лет изучает историю, культуру и литературу малочисленных этносов. Им буквально по крупицам собраны в различных архивах материалы о патриархах нашего североведения. Часть его разысканий отражена в данном словаре. Этот словарь в рукописи прочитали выдающийся исследователь коренных народов Американского Севера Александр Ващенко и писатель Владимир Христофоров. В своём отзыве Ващенко отметил: «Вячеслав Огрызко несколько десятилетий посвятил изучению литератур и культур народов Севера. Он собрал богатейшие материалы о столпах отечественного североведения. Ещё в 1980-е годы ему удалось записать воспоминания Ерухима Крейновича, Петра Скорика, Александры Путинцевой и других учёных, тех, кто стоял у истоков создания и формирования письменности на языках народов Севера. Потом была работа в архивах. Данный биобиблиографический словарь не имеет аналогов в нашей науке. Его обязательно нужно издать». А вот что написал в своей рецензии Христофоров: «Моя писательская судьба начиналась в 1960-е гг. на Чукотке. На моих глазах крупнейшие североведы изучали язык, историю и быт чукчей, эскимосов, эвенов, юкагиров и других малочисленных народов. Я ещё застал таких великих исследователей, как Пётр Скорик, Иннокентий Вдовин, Георгий Меновщиков, Екатерина Рубцова, Владилен Леонтьев и других, не побоюсь этого слова, могикан. А теперь я прочитал рукопись Вячеслава Огрызко «Отечественные исследователи коренных народов Севера: биобиблиографический словарь». Прекрасно, что к биографическим статьям, которые читаются как увлекательные эссе, приложены подробные библиографические списки. Это страшно интересно и крайне необходимо нашим современникам. Горячо рекомендую эту рукопись к изданию» |
| 600 | 14 | a | Персоналии | Куваев О. М., российский советский писатель |
| 650 | 04 | a | Основная рубрика | Этнография-Россия-Биобиблиографические словари |
| 651 | _4 | a | Географическое наименование | Дальний Восток |
| 651 | _4 | a | Географическое наименование | Север России |
| 651 | _4 | a | Географическое наименование | Сибирь |
| 651 | _4 | a | Географическое наименование | Русский Север |
| 653 | 0_ | a | Ключевые слова | Биобиблиография |
| a | Ключевые слова | Историко-этнографические исследования | ||
| a | Ключевые слова | Коренные народы Севера | ||
| a | Ключевые слова | Малочисленные народы Севера | ||
| a | Ключевые слова | Народы России | ||
| a | Ключевые слова | Словари | ||
| a | Ключевые слова | Этнография | ||
| 900 | a | Имя макрообъекта | Огрызко В. Отечественные исследования | |
| 901 | t | Тип документа | m |